[Event "Mechanics' Summer TNM; G/2 d5"]
[Site "San Francisco"]
[Date "2017.06.20"]
[Round "5.11"]
[White "Melville, Cailen"]
[Black "Ivanov, Aleksandr"]
[Result "0-1"]
[WhiteElo "1727"]
[BlackElo "2092"]
[Annotator "Winslow,E"]
[PlyCount "72"]
[EventDate "2017.??.??"]

1. d4 d5 2. c4 e6 3. Nf3 c6 {What now gets called The Triangle Defense. Black
keeps open a lot of possibilities.} 4. g3 {The Catalan, almost -- Black is as
well-placed as he might be to try to accept it.} ({In the Chessbase Mega
Database you can sort by various things: if by White rating on the responses,
most common are} 4. e3) ({and} 4. Nbd2) ({while} 4. Nc3 {
is the Noteboom Variation} dxc4 ({
usually by transposition, is the Meran complex} 4... Nf6 5. e3 ({
and the Botvinnik and Moscow Variations} 5. Bg5 dxc4 (5... h6 6. Bh4 (6. Bxf6
Qxf6) 6... dxc4 7. e4 g5 8. Bg3 b5) 6. e4 b5 7. e5 h6 8. Bh4 g5)) 5. a4 Bb4 6.
e3 b5) 4... dxc4 {Paradoxically this is often Black's point -- ...e6 and ...c6
as preludes to grabbing a pawn.} ({
In a completely different direction, it could be a Stonewall Dutch --} 4... f5
5. Bg2 Nf6 6. O-O Bd6) 5. Nc3 {
No attempt to regain the pawn (at least for a while!).} (5. Bg2 b5 6. O-O Bb7)
5... b5 6. Bg2 Bb7 7. O-O Nd7 8. e4 Ngf6 9. e5 Nd5 10. Ng5 h6 11. Nxe6 (11.
Nge4 Qb6 12. a4) ({Black is OK after} 11. Qh5 g6 12. Qh3 Be7 13. Nge4 Qb6 14.
Be3 Kf8 15. b3 cxb3 16. axb3 Kg7 17. Nxd5 cxd5 18. Nc3 Rad8 {Harikrishna,P
(2727)-Gelfand,B (2743) Beijing CHN 2014 0-1 (43); and White doesn't have
enough compensation for the pawn. (Sumets)}) 11... fxe6 12. Qh5+ Ke7 13. Ne4 (
13. Bg5+ hxg5 14. Qxh8 N7b6 15. Ne4 Kd7 16. Qg8 {
Probably the position which has arisen is in Black's favour.} Qe8 17. Qh7 Rd8 (
17... Na4 $2 18. f4 Kc7 19. fxg5 Kb6 20. b3 (20. Rf3 $6 Qd7 $13 {
Lesiege,A (2553)-Khenkin,I (2633) Koszalin 1999 1-0 (50)}) 20... cxb3 21. axb3
Nac3 22. Nc5 Rd8 (22... Ne2+ $6 23. Kh1 Nxd4 $4 24. Rxf8 $18) 23. Rf2 $40) 18.
Nxg5 Kc7 19. Rae1 Kb8 $17 {
Black's king is on the safe side and Black is threatenning ...c5. (Sumets)})
13... Qe8 14. Bg5+ N7f6 {
[#] leads to the same position that can arise after 14...N5f6.} (14... hxg5 $6
{after this move Black has good results but it is too risky.} 15. Qxh8 Kd8 (
15... Qg6 $5 16. Nd6 Rb8 17. f4 $2 (17. Be4 Qh6 18. Qg8 Qh5 $8 19. Bxd5 cxd5
20. f4 $16) 17... Ne3 18. Be4 Qh6 $13 19. Qg8 $2 Ng4 $17 20. h4 gxh4 21. Kg2
Qh5 22. Rae1 Ndf6 23. exf6+ Nxf6 24. Nf5+ Qxf5 25. Bxf5 Nxg8 26. Bxe6 Nf6 27.
Bxc4+ Kd8 28. Be2 hxg3 29. Kxg3 Bb4 30. Rd1 Bd6 31. Kh4 Nd5 32. Kg5 Be7+ 33.
Kg6 Bf6 34. Kf7 Kd7 35. Bg4+ Kd6 36. Rfe1 Nxf4 37. Re4 Nd5 {
0-1 (37) Bernasek,J (2530)-Bobras,P (2576) Brno 2008}) 16. Nxg5 $1 {
has been exciting, as in 7 games no draws!} (16. Qg8 $6 Qg6 17. Nc5 Kc7 18.
Qxe6 Qe8 $1 19. Bxd5 $6 (19. Qxe8 Rxe8 20. Nxb7 Kxb7 21. a4 $15 {
The position is complicated but Black's chances are higher.}) 19... Nxc5 20.
Qxe8 Rxe8 21. Bf7 Re7 $17 22. Bg8 Nd3 23. b3 c5 24. bxc4 cxd4 25. f4 gxf4 26.
gxf4 g6 27. Rad1 Rg7 28. Bd5 bxc4 29. Bxc4 Nb2 30. Rc1 Kd8 31. Rf2 Nxc4 32.
Rxc4 d3 33. Rd2 Rd7 34. Kf2 Bd5 35. Rc1 Ba3 {
0-1 (35) Lalith,B (2556)-Ding,L (2755) Hyderabad 2015}) 16... Qg6 (16... Kc8 $5
{Black wants to protect the e6-pawn after ...Nc7} 17. a4 Nc7 18. Qh7 {
White's chances should be better.}) 17. f4 (17. h4 $5 {
White doesn't need to weaken his king} Kc7 18. Be4 Qh6 19. Qxh6 gxh6 20. Nxe6+
Kb6 21. f4 c5 22. a4 Rc8 23. Nxf8 Rxf8 24. Bxd5 Bxd5 25. dxc5+ Nxc5 26. axb5
Nd3 27. Rfd1 Kc5 28. b3 Rg8 29. Kh2 Nf2 30. b4+ Kxb4 31. Rxd5 Ng4+ 32. Kh3 Nf2+
33. Kg2 Ne4 34. Kf3 {1-0 (34) Sebenik,M (2482)-Doric,N (2344) Pula 2009}) 17...
Kc7 18. Be4 $1 {White wins the e6-pawn in a better version.} (18. Bh3 $2 {
a terrible mistake} Kb6 $2 $13 {
Olszewski,M (2539)-Korobov,A (2660) Warsaw 2011 0-1 (44)} (18... Bc5 $1 $19 19.
Qxg7 (19. Nxe6+ $5 Qxe6 20. dxc5 Rxh8 21. Bxe6 Nxc5 $19) 19... Bxd4+ 20. Kh1
Rg8 21. Qxg6 Rxg6 $19 {the c-pawn will cost White a fortune.})) 18... Qe8 19.
Qh3 Rc8 20. a4 $16) (14... N5f6 15. exf6+ gxf6 16. Bxf6+ ({
"White could have tried} 16. Qxe8+ Rxe8 17. Bf4 Kf7 18. a4 a6 19. Nd2 $1 {
but after} Ra8 20. axb5 axb5 21. Rxa8 Bxa8 22. Ra1 Be7 23. Ra7 e5 $1 {
it seems to me that Black is OK." (Sumets)}) 16... Nxf6 17. Nxf6 Qxh5 ({
Of course Black couldn't play.} 17... Kxf6 $4 18. Qe5+ Kf7 19. Qxh8 $18) 18.
Nxh5 Kf7 {
has been a different story: 4 games, 4 draws! Including Kramnik-Anand,} 19. a4
a6 20. axb5 axb5 21. Rxa8 Bxa8 22. Ra1 Be7 23. Nf4 (23. Ra7 $5 b4 (23... Rb8 $5
24. Nf4 b4 (24... Bb7 {is below}) 25. Be4 Kf6 $11) 24. Nf4 c3 $2 25. bxc3 bxc3
26. Be4 Rb8 $2 27. Ng6 $6 (27. Kf1 Kf6 28. Ke2 Bb7 29. Kd3 $18) 27... c5 28.
Nxe7 (28. Ne5+ $2 {leads to an easy draw. White should have played 28.Nxe7} Kf6
29. Rxa8 Rxa8 30. Bxa8 c2 31. Nd3 cxd4 32. Kf1 Ba3 33. Ke2 c1=N+ 34. Nxc1 Bxc1
35. Be4 {1/2-1/2 (35) Tomazini,A (2340)-Stefansson,H (2515) Pardubice 2012})
28... Kf6 $8 29. Bh7 cxd4 30. Ng8+ Rxg8 31. Bxg8 Be4 32. Ra1 d3 33. Kf1 Ke5 34.
Ke1 Bf3 35. Ra2 $14 {
White will get an extra pawn which probably will not be enough to win the game.
}) 23... Bb7 24. Ra7 ({It can be dangerous for White to win the pawn.} 24. Bh3
Ra8 25. Bxe6+ Ke8 (25... Kf6 26. Re1 Bb4 27. Re5 Bc8 28. Bxc8 Rxc8 29. Re6+ Kg7
30. Nh5+ Kf7 31. Rf6+ Ke7 32. Rxh6 c3 33. bxc3 Bxc3 34. Ng7 b4 35. Nf5+ Kd7 36.
d5 cxd5 37. Rd6+ Kc7 38. Rxd5 b3 39. Rc5+ Kd7 40. Rxc8 Kxc8 41. Nd6+ Kd7 42.
Nc4 Ke6 43. Kf1 Kd5 44. Na3 Bb4 45. Nb1 Ke4 46. Ke2 b2 47. h4 Be7 48. Nd2+ Kd4
49. f4 Bf8 50. h5 Bh6 51. Nb1 Bf8 52. Kd2 Ke4 53. Ke2 {
1/2-1/2 (53) Csonka,B (2433)-Paszewski,M (2200) Zalakaros 2015}) 26. Re1 Bb4
27. Re2 Kd8 28. Bf5 Kc7 $44 {Black's pawns on the queenside are too dangerous.}
) 24... Rb8 25. Be4 (25. Bh3 $2 e5 $1 (25... Kf6 26. Nxe6 b4 27. Nf4 Bd6 28.
Ne2 c5 29. dxc5 c3 30. Nxc3 bxc3 31. bxc3 Bxc5 32. Ra5 Bb6 33. Rf5+ Kg7 34. Re5
Rf8 35. Re7+ Rf7 36. Rxf7+ Kxf7 37. Bg2 Bc8 38. Bd5+ Be6 39. Bxe6+ Kxe6 40. Kg2
Ke5 41. f4+ Ke4 42. Kh3 Kf5 43. Kh4 Bg1 44. Kh3 Bb6 45. c4 Bc5 46. Kh4 Bg1 47.
Kh3 Bc5 48. Kg2 Ke4 49. Kf1 Kd3 50. f5 Kxc4 51. Ke2 Kd5 52. Kf3 Ke5 53. g4 Be7
54. Kg3 Ke4 55. h4 h5 56. gxh5 Kxf5 {
1/2-1/2 (56) Ragger,M (2698)-Naumann,A (2545) Berlin 2015}) 26. dxe5 Bc5 27.
Ra1 Bd4 28. e6+ Ke7 {and White is in trouble.}) 25... Kf6 26. Ng6 c5 $1 $11 {
This leads to a draw.} 27. Rxb7 Rxb7 28. Bxb7 Kxg6 29. dxc5 Bxc5 30. Ba6 Bd4
31. Bxb5 Bxb2 32. Bxc4 e5 33. f3 Kf6 34. Kg2 Bc1 35. Bd3 Bb2 36. Bc4 Bc1 37.
Bd3 Bb2 38. Bc4 {
1/2-1/2 (38) Kramnik,V (2783)-Anand,V (2791) Shamkir 2015 CBM 166 [Sumets,A]})
15. Qh4 $5 $146 (15. Qh3 {didn't turn out so great either, but who knows?} hxg5
16. exf6+ gxf6 17. Qxh8 Qg6 18. Nc5 Bg7 19. Be4 f5 20. Qh3 fxe4 21. Rae1 Bxd4
22. Nxe4 g4 23. Qh4+ Kd7 24. Ng5 Bf6 25. Qxg4 Qxg5 26. Qxe6+ Kc7 27. Qf7+ Kb6
28. a4 Nf4 {0-1 (28) Smirnov,A (2453)-Tukhaev,A (2544) Sochi 2015}) (15. exf6+
gxf6 16. Bxf6+ Nxf6 17. Nxf6 {would be back in Kramnik-Anand plus pretenders;
seems like the way to go. But did you really play like this to head into a
refined ending? It **was** a Catalan after all...}) 15... Qg6 (15... hxg5 16.
exf6+ gxf6 17. Qxh8 Qg6 18. Nc5 Bh6 19. Be4 Rxh8 20. Bxg6 Bc8 21. a4 {
still has pressure for the pawn} ({or} 21. Rfe1)) 16. Rae1 $2 (16. Bf4 Kd7 17.
exf6 gxf6 18. Rfe1 {is again uncomfortable, but we knew Black was willing to
suffer a bit for a pawn...}) 16... Kf7 $2 (16... hxg5 17. Qxh8 (17. exf6+ gxf6
18. Qxh8 Bh6) 17... Nxe4 18. Bxe4 (18. Rxe4 Kd7) 18... Qh6 19. Qxh6 gxh6 {
are all good, nay winning for Black.}) 17. exf6 $11 gxf6 18. Bd2 (18. Bf4 Rd8
$11) 18... Re8 19. Bh3 Bc8 20. f4 $6 f5 21. Ng5+ $6 hxg5 22. Qxh8 Bg7 23. Bxf5
Rxh8 24. Bxg6+ Kxg6 25. fxg5 Bxd4+ 26. Kg2 e5 27. Bc1 Bh3+ 28. Kh1 Bxf1 29.
Rxf1 e4 30. h4 e3 31. Kh2 c3 32. b3 c2 33. g4 Rxh4+ 34. Kg3 Rh8 35. a4 Be5+ 36.
Kg2 Nf4+ 0-1

[Event "Mechanics' Winter TNM; G/2"]
[Site "San Francisco"]
[Date "2017.02.14"]
[Round "7.29"]
[White "Melville, Cailen"]
[Black "Karweit, Alex W"]
[Result "1-0"]
[WhiteElo "1730"]
[BlackElo "1422"]
[PlyCount "48"]
[EventDate "2017.??.??"]

1. d4 d5 2. c4 e6 3. Nf3 Nf6 4. g3 Be7 5. Bg2 O-O 6. O-O c5 7. dxc5 Bxc5 8.
cxd5 Nxd5 9. Bd2 Qb6 10. Nc3 Nxc3 11. Bxc3 Rd8 12. Qc2 h6 13. b4 Be7 14. Qb2
Bf8 15. a4 a6 16. a5 Qc7 17. Rac1 Nc6 18. Bd4 Qb8 19. Bb6 Rd6 20. Nd2 Rxd2 21.
Qxd2 Bxb4 22. Qd3 Qd6 23. Rfd1 Qxd3 24. Rxd3 Ne5 1-0

[Event "Mechanics' Winter TNM; G/2"]
[Site "San Francisco"]
[Date "2017.02.07"]
[Round "6.20"]
[White "Melville, Cailen"]
[Black "Maser, Thomas"]
[Result "0-1"]
[WhiteElo "1730"]
[BlackElo "1959"]
[PlyCount "58"]
[EventDate "2017.??.??"]

1. d4 Nf6 2. c4 e6 3. g3 Bb4+ 4. Bd2 a5 5. Nf3 d5 6. Bg2 O-O 7. Qc2 Nc6 8. O-O
Ne4 9. e3 Bd7 10. Nc3 Nxd2 11. Nxd2 dxc4 12. Nxc4 Re8 13. f4 Qf6 14. Ne4 Qg6
15. Qf2 f6 16. a3 Bf8 17. h3 Rad8 18. Kh1 e5 19. fxe5 fxe5 20. d5 Nb8 21. Nc3
Bc5 22. Be4 Qh5 23. h4 Bh3 24. Bf3 Bg4 25. Bg2 Rf8 26. Qd2 g5 27. Nxe5 gxh4 28.
Rf4 hxg3+ 29. Kg1 Rxf4 0-1

[Event "Mechanics' Summer TNM; G/2 d5"]
[Site "San Francisco"]
[Date "2017.07.11"]
[Round "7.21"]
[White "Melville, Cailen"]
[Black "McEnroe, Glenn"]
[Result "1-0"]
[WhiteElo "1727"]
[BlackElo "1511"]
[Annotator "Donaldson"]
[PlyCount "39"]
[EventDate "2017.??.??"]

1. d4 Nf6 2. c4 g6 3. f3 d5 4. cxd5 Nxd5 5. e4 Nf6 6. Nc3 Bg7 7. Be3 c6 8. Bc4
O-O 9. Qd2 b6 10. Rd1 Bb7 11. Nge2 Na6 12. Bh6 e5 13. Qc1 Qe7 14. h4 Rad8 15.
g4 exd4 16. Nxd4 Nd5 17. Nxd5 cxd5 18. Bxg7 Kxg7 19. Qc3 Qb4 $4 {Diagram [#]} (
19... Kg8 $11) 20. Nf5+ 1-0

[Event "Mechanics' Winter TNM; G/2"]
[Site "San Francisco"]
[Date "2017.02.21"]
[Round "8.18"]
[White "Melville, Cailen"]
[Black "Poling, Scott E"]
[Result "0-1"]
[WhiteElo "1730"]
[BlackElo "1864"]
[PlyCount "114"]
[EventDate "2017.??.??"]

1. d4 Nf6 2. c4 e6 3. g3 Bb4+ 4. Bd2 a5 5. Nf3 d6 6. Bg2 Nbd7 7. O-O e5 8. Nc3
O-O 9. Bg5 exd4 10. Nxd4 Bxc3 11. bxc3 h6 12. Bf4 Re8 13. Rb1 Nc5 14. Nb5 Ra6
15. Be3 Nfe4 16. Qd4 Bf5 17. Rbd1 Bg6 18. Rc1 c6 19. Nxd6 Ne6 20. Qe5 Qxd6 21.
Qxd6 Nxd6 22. c5 Nc4 23. Bd4 Nxd4 24. cxd4 Nd2 25. Rfd1 Rxe2 26. Re1 Rxe1+ 27.
Rxe1 Ra8 28. Re7 Rb8 29. d5 cxd5 30. Bxd5 Kf8 31. Rd7 (31. Re2 Nb1) 31... Ne4
32. Rc7 Nc3 33. Bxb7 Be4 34. c6 Rd8 35. f3 Bxf3 36. Rd7 Rxd7 37. cxd7 Ke7 38.
d8=Q+ Kxd8 39. Bxf3 Nxa2 40. Kf2 Nc3 41. Ke1 Kc7 42. Kd2 Nb5 43. Kd3 Kb6 44. h4
Kc5 45. g4 f6 46. Be4 Nd6 47. Bh7 Nf7 48. Kc3 Ne5 49. Bf5 g6 50. Be4 Nxg4 51.
Bxg6 Ne3 52. Kb3 f5 53. Ka4 Kb6 54. h5 f4 55. Be4 Ng4 56. Kb3 Nh2 57. Kc2 f3
0-1

[Event "Mechanics' Fall TNM; G/2 d5"]
[Site "San Francisco"]
[Date "2017.12.19"]
[Round "9.14"]
[White "Melville, Cailen"]
[Black "Rakonitz, David"]
[Result "1-0"]
[WhiteElo "1844"]
[BlackElo "1583"]
[Annotator "Donaldson"]
[PlyCount "115"]
[EventDate "2017.??.??"]

1. d4 Nf6 2. c4 e6 3. g3 Bb4+ 4. Bd2 Be7 5. Nf3 d5 6. Bg2 O-O 7. O-O Nbd7 8.
Qc2 c6 9. Bf4 b6 10. Rd1 Bb7 11. Nbd2 Rc8 12. e4 dxe4 13. Nxe4 c5 14. Nfg5 $5 (
14. Nxf6+ Bxf6 (14... Nxf6 15. dxc5 Qe8 16. cxb6 axb6 17. a4 $16) 15. Ng5 Bxg5
16. Bxb7 $16) 14... Nxe4 15. Nxe4 Bc6 $2 (15... f5 16. Nd6 Bxg2 17. Nxc8 Qxc8
18. Kxg2 cxd4 19. Rxd4 e5 20. Rxd7 Qxd7 21. Bxe5 $16) 16. d5 $1 exd5 17. cxd5
Ba8 18. Bf1 (18. Qa4 a5 $2 19. d6 $1 Bf6 20. Nxf6+ Nxf6 21. d7 $18) 18... Bb7
19. Bh3 Ra8 20. Qa4 (20. d6) 20... Nf6 21. d6 Bxe4 22. dxe7 Qxe7 23. Bd6 Qb7
24. Bxf8 Rxf8 25. Rd6 Bf3 26. Qh4 Qe4 $2 (26... Re8) 27. Qxe4 Bxe4 28. Rad1 c4
29. Bf1 b5 30. a4 Bc2 31. Ra1 Bxa4 32. Bxc4 Rc8 33. b3 bxc4 34. bxa4 c3 35.
Rad1 Kf8 36. Rd8+ Rxd8 37. Rxd8+ Ke7 38. Rc8 Nd5 39. Kf1 Kd7 40. Rc4 Kd6 41.
Ke2 a5 42. Kd3 c2 43. Kxc2 f6 44. Kd3 Nb6 45. Rd4+ Kc5 46. g4 g6 47. h4 Kc6 48.
Ke4 Kc5 49. Kd3 Kc6 50. f4 h5 51. g5 (51. f5) 51... fxg5 52. fxg5 Nd5 53. Ke4
Nc3+ 54. Ke5 Kc5 55. Rf4 Nd5 56. Rf8 Ne7 57. Kf6 Nf5 58. Kxg6 1-0

[Event "Mechanics' Summer TNM; G/2 d5"]
[Site "San Francisco"]
[Date "2017.06.13"]
[Round "4.4"]
[White "Melville, Cailen"]
[Black "Stearman, Josiah P"]
[Result "0-1"]
[WhiteElo "1727"]
[BlackElo "2290"]
[PlyCount "60"]
[EventDate "2017.??.??"]

1. d4 d5 2. c4 c6 3. Nf3 Nf6 4. Nc3 dxc4 5. a4 Bf5 6. Nh4 Bg4 7. h3 Bh5 8. g4
Bg6 9. Nxg6 hxg6 10. e4 e5 11. Be3 Bb4 12. Bxc4 Qa5 13. Qb3 O-O 14. f3 Nbd7 15.
O-O exd4 16. Bxd4 Bc5 17. Bxc5 Qxc5+ 18. Kg2 Ne5 19. Be2 g5 20. Rac1 Ng6 21.
Nd5 Qd6 22. Nxf6+ gxf6 23. Rh1 Rad8 24. Rcd1 Qf4 25. Rh2 Rd2 26. Kh1 Rfd8 27.
Rxd2 Qxd2 28. Bf1 Qe1 29. Kg1 Rd1 30. Rf2 Nf4 0-1

[Event "Mechanics' Peter Grey TNM; G/2 d5"]
[Site "San Francisco"]
[Date "2017.08.29"]
[Round "4.6"]
[White "Melville, Cailen"]
[Black "Tracy, Joseph"]
[Result "0-1"]
[WhiteElo "1772"]
[BlackElo "2106"]
[Annotator "Donaldson"]
[PlyCount "88"]
[EventDate "2017.??.??"]

1. d4 e6 2. c4 Nf6 3. g3 d5 4. Nf3 Be7 5. Bg2 c6 6. O-O O-O 7. Qc2 Nbd7 8. Nbd2
b6 9. e4 dxc4 10. Nxc4 Bb7 11. Bf4 c5 12. e5 Nd5 13. h4 cxd4 14. Bg5 Nb4 15.
Qd1 h6 16. Bxe7 Qxe7 17. a3 Nd5 18. Nxd4 a6 (18... Ba6 $1 $11) 19. Re1 Rad8 20.
Nd6 Ba8 21. f4 b5 22. Qg4 N7b6 23. Kh2 Rxd6 $1 24. exd6 Qxd6 25. Rad1 Nf6 26.
Qh3 Bxg2 27. Qxg2 Nbd5 28. Qf3 h5 29. Kh1 $11 Ng4 30. Rd2 g6 31. Qd3 Ne7 32.
Qe2 Rc8 33. Kg1 Rd8 34. Nf3 Qc5+ 35. Kg2 Rd5 36. Rxd5 Nxd5 37. Qd2 Nde3+ 38.
Kh3 $2 (38. Kh1 $11) 38... Nd5 $2 (38... Qf5) 39. Rc1 Qd6 40. Rc8+ Kg7 41. Qd4+
Ngf6 42. Qe5 (42. Ne5 $1) 42... Qb6 43. Qb8 $4 Qf2 44. Nh2 Ne3 0-1

[Event "Mechanics' Fall TNM; G/2 d5"]
[Site "San Francisco"]
[Date "2017.10.31"]
[Round "2.5"]
[White "Melville, Cailen"]
[Black "Tsodikova, Natalya"]
[Result "1-0"]
[WhiteElo "1844"]
[BlackElo "2202"]
[Annotator "Donaldson"]
[PlyCount "77"]
[EventDate "2017.??.??"]

1. d4 Nf6 2. c4 g6 3. f3 d6 4. e4 Bg7 5. Nc3 O-O 6. Nge2 Nc6 7. Be3 a6 8. Qd2
Rb8 9. Rc1 Bd7 10. Nd1 Re8 11. Nf2 b5 12. c5 dxc5 13. Rxc5 e5 14. d5 Nd4 15.
Nxd4 exd4 16. Bxd4 Bf8 17. g3 Bxc5 18. Bxc5 Bc8 19. Be3 Bb7 20. Bg5 Qd6 21. Be2
Nd7 22. Ng4 f6 23. Qc3 Kf7 24. Bf4 Ne5 25. h4 Bc8 26. h5 Bxg4 27. hxg6+ hxg6
28. fxg4 Rh8 29. O-O Rbe8 30. g5 f5 31. g4 Kg8 32. Bg3 Qe7 33. exf5 gxf5 (33...
Nf7) 34. Rxf5 Nc4 35. Bxc4 bxc4 36. Be5 {Diagram [#]} Rh4 $2 (36... Qc5+ 37.
Bd4 Re1+ 38. Kf2 Qe7) 37. Qxc4 Kh7 38. d6 Qe6 39. Qxc7+ 1-0

[Event "Mechanics' Fall TNM; G/2 d5"]
[Site "San Francisco"]
[Date "2017.11.14"]
[Round "4.2"]
[White "Melville, Cailen"]
[Black "Walder, Michael S"]
[Result "1/2-1/2"]
[WhiteElo "1844"]
[BlackElo "2156"]
[PlyCount "99"]
[EventDate "2017.??.??"]

1. d4 Nf6 2. c4 g6 3. f3 Nc6 4. e4 e5 5. d5 Nd4 6. Nc3 Bc5 7. a3 a5 8. Rb1 d6
9. Nge2 Nh5 10. b4 Qh4+ 11. Kd2 axb4 12. axb4 Bb6 13. Qe1 Qf6 14. Nxd4 Bxd4 15.
Nb5 Ra2+ 16. Kd3 Bf2 17. Qd1 Bb6 18. Bb2 c6 19. Nc3 Nf4+ 20. Kc2 Ra7 21. Ra1
O-O 22. Rxa7 Bxa7 23. Qd2 Bd7 24. Ne2 Nh5 25. Nc3 Bd4 26. Ne2 c5 27. b5 Ra8 28.
Nc1 Qf4 29. Qxf4 Nxf4 30. Kb3 h5 31. Nd3 Bxb2 32. Kxb2 Nxd3+ 33. Bxd3 f5 34.
Ra1 Rxa1 35. Kxa1 b6 36. Kb2 Kg7 37. Kc2 Kf6 38. Kd2 f4 39. h3 Kg5 40. Ke1 Kh4
41. Kf2 g5 42. Be2 g4 43. hxg4 hxg4 44. Bd1 gxf3 45. gxf3 Kh3 46. Be2 Kh2 47.
Bf1 Bh3 48. Be2 Bg2 49. Bd1 Bh3 50. Be2 1/2-1/2

[Event "Mechanics' Peter Grey TNM; G/2 d5"]
[Site "San Francisco"]
[Date "2017.09.05"]
[Round "5.16"]
[White "Mines, Joshua"]
[Black "Anderson, Michael"]
[Result "1/2-1/2"]
[WhiteElo "1499"]
[BlackElo "1908"]
[PlyCount "85"]
[EventDate "2017.??.??"]

1. Nf3 f5 2. d4 g6 3. Bf4 Nf6 4. e3 Bg7 5. c4 b6 6. Nc3 Bb7 7. Be2 O-O 8. h3 e6
9. Qb3 Kh8 10. O-O d6 11. Rad1 Nbd7 12. c5 Nd5 13. Bg5 N7f6 14. cxd6 cxd6 15.
Nd2 h6 16. Bxf6 Bxf6 17. Rc1 Rc8 18. Nxd5 Bxd5 19. Bc4 Bxc4 20. Rxc4 d5 21. Rc3
Rf7 22. Rfc1 Rfc7 23. Qa3 Kg7 24. Qa6 Rxc3 25. Rxc3 Rc7 26. a4 Be7 27. Qb5 Kf7
28. Nf3 Bd6 29. Qd3 Qc8 30. Qc2 Ke7 31. Rxc7+ Qxc7 32. Qxc7+ Bxc7 33. Kf1 Bd6
34. Ke2 g5 35. Kd3 Kf6 36. g4 a5 37. Nd2 Kg6 38. f3 Bb4 39. b3 Kf6 40. Nf1 Bd6
41. e4 Bf4 42. e5+ Kg6 43. Nd2 1/2-1/2

[Event "Mechanics' Summer TNM; G/2 d5"]
[Site "San Francisco"]
[Date "2017.06.27"]
[Round "6.24"]
[White "Mines, Joshua"]
[Black "Babayan, Gagik"]
[Result "0-1"]
[WhiteElo "1446"]
[BlackElo "1807"]
[PlyCount "98"]
[EventDate "2017.??.??"]

1. Nf3 d5 2. d4 e6 3. Bf4 Nf6 4. h3 Bd6 5. Ne5 Nbd7 6. e3 Bxe5 7. dxe5 Ne4 8.
Nd2 Nxd2 9. Qxd2 c5 10. c4 dxc4 11. Bxc4 O-O 12. Rd1 Qc7 13. Qd6 Qa5+ 14. Qd2
Qxd2+ 15. Rxd2 Nb6 16. Be2 Bd7 17. b3 Bc6 18. O-O Rfd8 19. Rfd1 Rxd2 20. Rxd2
Nd5 21. Bf3 Kf8 22. Bg3 g5 23. h4 h6 24. hxg5 hxg5 25. a3 a5 26. Rc2 b6 27. a4
Rd8 28. Rd2 Ke7 29. Bd1 Nc3 30. Rxd8 Kxd8 31. Bc2 c4 32. Kf1 cxb3 33. Bxb3 Bxa4
34. Bxa4 Nxa4 35. Ke2 Kd7 36. f4 gxf4 37. exf4 Nc3+ 38. Kd3 Nd5 39. Kc4 Kc6 40.
Bh2 Ne3+ 41. Kb3 Nxg2 42. Ka4 Ne1 43. Bg1 Nd3 44. Be3 Nc5+ 45. Ka3 b5 46. Kb2
Kd5 47. Bd2 b4 48. Kb1 Kc4 49. Bc1 a4 0-1

[Event "Mechanics' Summer TNM; G/2 d5"]
[Site "San Francisco"]
[Date "2017.05.30"]
[Round "2.41"]
[White "Mines, Joshua"]
[Black "Bannan, Frank"]
[Result "0-1"]
[WhiteElo "1446"]
[BlackElo "1914"]
[PlyCount "29"]
[EventDate "2017.??.??"]

1. Nf3 Nf6 2. d4 g6 3. Bf4 Bg7 4. h3 O-O 5. e3 b6 6. Nbd2 d6 7. c3 Ba6 8. Bxa6
Nxa6 9. a4 c5 10. Qe2 Nc7 11. O-O cxd4 12. cxd4 Nfd5 13. a5 Nxf4 14. exf4 Nd5
15. g3 {Black went on to win. Remaining moves unavailable.} 0-1

[Event "Mechanics' Peter Grey TNM; G/2 d5"]
[Site "San Francisco"]
[Date "2017.08.29"]
[Round "4.24"]
[White "Mines, Joshua"]
[Black "Battarjee, Shiva"]
[Result "1-0"]
[WhiteElo "1499"]
[BlackElo "1635"]
[Annotator "Donaldson"]
[PlyCount "39"]
[EventDate "2017.??.??"]

1. Nf3 d5 2. d4 Nf6 3. Bf4 Nc6 4. h3 e6 5. e3 Be7 6. Nbd2 O-O 7. a3 Re8 8. Bd3
Nh5 9. Bh2 Bd6 10. Ne5 Nf6 11. c4 Nd7 $6 {Diagram [#]} 12. Bxh7+ $1 Kxh7 13.
Qh5+ (13. Nxf7 $1 Qf6 14. Qh5+ Kg8 15. Nxd6 Rf8 16. N2e4 (16. O-O cxd6 17. Bxd6
) 16... dxe4 17. Nxe4 Qd8 18. Ng5 Nf6 19. Qg6 {with a small edge for White
(rook and two pawns versus two minor pieces) as he has a better pawn structure.
}) 13... Kg8 14. Qxf7+ Kh7 15. Ndf3 Rf8 $4 (15... Bxe5 $11) 16. Qg6+ Kg8 17.
Ng5 $1 Nf6 18. Ng4 $1 Qe7 19. Nxf6+ Rxf6 20. Qh7+ 1-0

[Event "Mechanics' Summer TNM; G/2 d5"]
[Site "San Francisco"]
[Date "2017.05.23"]
[Round "1.25"]
[White "Mondal, Aniket"]
[Black "Andries, W Craig"]
[Result "1-0"]
[WhiteElo "1326"]
[BlackElo "1877"]
[PlyCount "71"]
[EventDate "2017.??.??"]

1. e4 g6 2. d4 d6 3. Nf3 Bg7 4. Bc4 e6 5. O-O a6 6. Nc3 Nd7 7. Bg5 Ne7 8. Re1
O-O 9. Qd2 b5 10. Bb3 Bb7 11. Qf4 Qe8 12. Qh4 Nc8 13. Bh6 Qe7 14. Ng5 Qf6 15.
e5 dxe5 16. dxe5 Nxe5 17. Bxg7 Qxg7 18. Rxe5 h6 19. Nxf7 Rxf7 20. Rxe6 Nd6 21.
Re7 Nc4 22. Bxc4 bxc4 23. Qxc4 Kf8 24. Rxf7+ Qxf7 25. Qb4+ c5 26. Qxc5+ Kg8 27.
Re1 Qf4 28. Qb6 Qf7 29. Re6 Kg7 30. Rxg6+ Kh7 31. Rxh6+ Kg7 32. Rh3 Kg8 33.
Rg3+ Kh7 34. Rh3+ Kg8 35. Qh6 Qf5 36. Rg3+ 1-0

[Event "Mechanics' Summer TNM; G/2 d5"]
[Site "San Francisco"]
[Date "2017.06.13"]
[Round "4.29"]
[White "Mondal, Aniket"]
[Black "Davila, Carlos"]
[Result "1/2-1/2"]
[WhiteElo "1326"]
[BlackElo "2176"]
[Annotator "Winslow"]
[PlyCount "98"]
[EventDate "2017.??.??"]

1. e4 c6 2. d4 d5 3. exd5 cxd5 4. c4 Nf6 5. Nc3 e6 6. Bg5 dxc4 7. Bxc4 Be7 8.
Nf3 O-O 9. O-O Nc6 10. Qd2 a6 11. Rad1 b5 12. Bd3 Nb4 13. Bb1 Nbd5 14. Ne4 Bb7
15. Nc5 Bc6 16. Rc1 Qb6 17. Ne5 Rac8 18. Qd3 Rfd8 {Diagram [#]} 19. Ncd7 $6 {
Enticed by tactics, but leading to an equal simplification.} (19. b4 $1 Nxb4 $4
(19... Be8 20. a3 a5 21. Bd2 $14) 20. Qh3 $18 Be8 (20... Nbd5 21. Nxe6) 21.
Ncd7 Bxd7 22. Nxd7) 19... Rxd7 (19... Bxd7 20. Nxd7 Qb7 21. Bxf6 Nxf6 22. Nxf6+
Bxf6 23. Qxh7+ Kf8 $11) 20. Rxc6 Rxc6 21. Nxd7 Qc7 (21... Qd8) (21... Qa5) 22.
Nxf6+ (22. Ne5 Rd6 23. Rc1 Qb6) 22... Nxf6 23. Bxf6 Bxf6 24. Qxh7+ Kf8 25. Qd3
Qd6 26. Rd1 Bxd4 27. g3 e5 28. Qf3 g6 29. Kg2 Kg7 30. h4 Qc5 31. b4 Qb6 32. Rd2
f5 33. h5 Rc1 34. Bc2 Qc7 35. Qd3 Qc6+ 36. f3 Qf6 37. Rd1 Rxd1 38. Bxd1 gxh5
39. Bc2 e4 40. fxe4 fxe4 41. Qxe4 Qf2+ 42. Kh3 Qf1+ 43. Qg2 Qxg2+ 44. Kxg2 Bc3
45. a3 Kf6 46. Be4 Ke5 47. Bb7 Kd6 48. Bxa6 Kc6 49. Kh3 Bb2 1/2-1/2